[Event "Pro-Am 2010"]
[Site "Villa Martelli ARG"]
[Date "2010.10.13"]
[Round "2.5"]
[White "Mayorga, Nicolas"]
[Black "Perez Rodriguez, Luis Manuel"]
[Result "1/2-1/2"]
[WhiteElo "2247"]
[BlackElo "2483"]
[PlyCount "28"]
[EventDate "2010.10.10"]
[EventType "swiss"]
[EventRounds "9"]
[EventCountry "ARG"]
[Source "lmi"]
[SourceDate "2010.10.10"]

1. d4 d5 2. c4 c6 3. Nf3 Nf6 4. Nc3 e6 5. e3 Nbd7 6. Qc2 Bd6 7. e4 Nxe4 8. Nxe4
dxe4 9. Qxe4 c5 10. Bg5 Be7 11. Bxe7 Qa5+ 12. Ke2 Kxe7 13. g3 Qb4 14. b3 Rb8
1/2-1/2

[Event "Pro-Am 2010"]
[Site "Villa Martelli ARG"]
[Date "2010.10.13"]
[Round "2.6"]
[White "Alonso, Salvador"]
[Black "Bassan, Remo"]
[Result "1-0"]
[WhiteElo "2482"]
[BlackElo "2240"]
[PlyCount "83"]
[EventDate "2010.10.10"]
[EventType "swiss"]
[EventRounds "9"]
[EventCountry "ARG"]
[Source "lmi"]
[SourceDate "2010.10.10"]

1. e4 Nf6 2. e5 Nd5 3. d4 d6 4. Nf3 dxe5 5. Nxe5 c6 6. Be2 Nd7 7. Nf3 N7f6 8.
O-O Bg4 9. h3 Bh5 10. Re1 e6 11. Ne5 Bxe2 12. Qxe2 Be7 13. c4 Nb6 14. Be3 Nfd7
15. Nc3 Nxe5 16. dxe5 Qc7 17. Bf4 O-O-O 18. Ne4 Nd7 19. Nd6+ Bxd6 20. exd6 Qa5
21. a3 Qf5 22. Bh2 b6 23. b4 h5 24. b5 cxb5 25. cxb5 Nc5 26. a4 Kd7 27. a5 Ra8
28. Ra3 f6 29. Qa2 Ne4 30. axb6 a5 31. bxa6 Rhb8 32. Rf3 Qd5 33. Qa4+ Qc6 34.
Qxc6+ Kxc6 35. Rxe4 Rxb6 36. g4 e5 37. gxh5 Kxd6 38. Rg4 Rbxa6 39. Rxg7 Kd5 40.
h6 Ke4 41. Kg2 Rh8 42. Rg6 1-0

[Event "Pro-Am 2010"]
[Site "Villa Martelli ARG"]
[Date "2010.10.13"]
[Round "2.7"]
[White "Bulcourf, Carlos"]
[Black "Slipak, Sergio"]
[Result "1-0"]
[WhiteElo "2207"]
[BlackElo "2446"]
[PlyCount "83"]
[EventDate "2010.10.10"]
[EventType "swiss"]
[EventRounds "9"]
[EventCountry "ARG"]
[Source "lmi"]
[SourceDate "2010.10.10"]

1. Nf3 d5 2. d4 Nf6 3. Bf4 c5 4. e3 Nc6 5. c3 Qb6 6. Qb3 c4 7. Qxb6 axb6 8. Na3
e5 9. Nb5 Ra5 10. Nc7+ Kd7 11. dxe5 Ne4 12. Nxd5 Rxd5 13. Bxc4 Ra5 14. Bxf7 Ke7
15. Bb3 Nc5 16. Bc2 Ne6 17. b4 Ra3 18. Bb3 g6 19. O-O-O Bg7 20. b5 Ncd8 21. Rd6
Nxf4 22. exf4 Ne6 23. g3 Nc5 24. Kb2 Ra7 25. Ng5 Bf5 26. f3 h6 27. Ne4 Nxb3 28.
axb3 Rha8 29. c4 Ra2+ 30. Kc3 Re2 31. Rxb6 Re3+ 32. Kd4 Rxf3 33. Rxb7+ Kf8 34.
Nd6 Rxb3 35. Rd1 Be6 36. Kc5 Rc3 37. Rd4 Rc2 38. Kb6 Raa2 39. c5 Re2 40. c6 Re3
41. Ne4 Ra8 42. Nc5 1-0

[Event "Pro-Am 2010"]
[Site "Villa Martelli ARG"]
[Date "2010.10.13"]
[Round "2.9"]
[White "Real De Azua, Ernesto"]
[Black "Zuriel, Marisa"]
[Result "1/2-1/2"]
[WhiteElo "2432"]
[BlackElo "2193"]
[PlyCount "33"]
[EventDate "2010.10.10"]
[EventType "swiss"]
[EventRounds "9"]
[EventCountry "ARG"]
[Source "lmi"]
[SourceDate "2010.10.10"]

1. d4 Nf6 2. c4 c5 3. d5 b5 4. cxb5 a6 5. bxa6 g6 6. Nc3 Bxa6 7. Nf3 d6 8. g3
Bg7 9. Bg2 Nbd7 10. Rb1 O-O 11. O-O Qa5 12. Bd2 Ne8 13. Qc2 Nc7 14. a4 Qb6 15.
b3 Bb7 16. e4 e6 17. Rfd1 1/2-1/2

[Event "Pro-Am 2010"]
[Site "Villa Martelli ARG"]
[Date "2010.10.13"]
[Round "2.10"]
[White "Anelli, Antonio"]
[Black "Pierrot, Juan Facundo"]
[Result "1/2-1/2"]
[WhiteElo "2184"]
[BlackElo "2431"]
[PlyCount "116"]
[EventDate "2010.10.10"]
[EventType "swiss"]
[EventRounds "9"]
[EventCountry "ARG"]
[Source "lmi"]
[SourceDate "2010.10.10"]

1. b3 d5 2. Bb2 Nf6 3. g3 c6 4. Bg2 g6 5. Bxf6 exf6 6. d4 Nd7 7. e3 f5 8. Ne2
Nf6 9. Nd2 Bg7 10. O-O O-O 11. c4 Ne4 12. Qc2 b6 13. Rac1 Ba6 14. Rfe1 Rc8 15.
c5 Re8 16. Nf3 bxc5 17. dxc5 Bxe2 18. Rxe2 Qa5 19. Nd4 Qb4 20. Bxe4 dxe4 21.
Qc4 Qa3 22. Rd1 Red8 23. Kg2 Bf8 24. b4 a5 25. Nc2 Qb2 26. Red2 Rxd2 27. Rxd2
axb4 28. Rd7 Qf6 29. Nxb4 Qe6 30. Qxe6 fxe6 31. Na6 Ra8 32. Nc7 Ra7 33. Nd5
Bxc5 34. Rxa7 Bxa7 35. Ne7+ Kf7 36. Nxc6 Bc5 37. Kf1 Ke8 38. Ke2 Kd7 39. Ne5+
Kd6 40. Nc4+ Kd5 41. Nd2 Bb4 42. Kd1 g5 43. Nb3 e5 44. Nd2 h5 45. h3 g4 46.
hxg4 hxg4 47. Ke2 Ba5 48. Kd1 Bb6 49. Ke2 Kc5 50. Kd1 Kb5 51. Kc2 Ba5 52. Kd1
Kb4 53. Kc2 Ka4 54. Nc4 Be1 55. Nd6 f4 56. Nxe4 Bxf2 57. exf4 exf4 58. gxf4 g3
1/2-1/2

[Event "Pro-Am 2010"]
[Site "Villa Martelli ARG"]
[Date "2010.10.13"]
[Round "2.11"]
[White "Liascovich, Lucas Agustin"]
[Black "Lanza, Luciano"]
[Result "1-0"]
[WhiteElo "2424"]
[BlackElo "2178"]
[PlyCount "45"]
[EventDate "2010.10.10"]
[EventType "swiss"]
[EventRounds "9"]
[EventCountry "ARG"]
[Source "lmi"]
[SourceDate "2010.10.10"]

1. d4 Nf6 2. Nf3 g6 3. c4 Bg7 4. Nc3 O-O 5. Bg5 d6 6. Qc2 c5 7. d5 Na6 8. e4
Nc7 9. Bd3 Rb8 10. O-O a6 11. a4 Qe8 12. Rfe1 Nd7 13. a5 e5 14. dxe6 fxe6 15.
e5 d5 16. cxd5 Nxd5 17. Nxd5 exd5 18. e6 Nf6 19. Qxc5 Qc6 20. Qa3 b5 21. Rac1
Qe8 22. Qd6 Bb7 23. e7 1-0

[Event "Pro-Am 2010"]
[Site "Villa Martelli ARG"]
[Date "2010.10.13"]
[Round "2.12"]
[White "Albarran, Gustavo"]
[Black "Dolezal, Cristian"]
[Result "0-1"]
[WhiteElo "2165"]
[BlackElo "2413"]
[PlyCount "88"]
[EventDate "2010.10.10"]
[EventType "swiss"]
[EventRounds "9"]
[EventCountry "ARG"]
[Source "lmi"]
[SourceDate "2010.10.10"]

1. c4 g6 2. g3 Bg7 3. Bg2 c5 4. Nc3 Nc6 5. d3 e6 6. e4 Nge7 7. Be3 d6 8. Qd2
Nd4 9. Nge2 Nec6 10. O-O O-O 11. f4 Bd7 12. Rad1 a6 13. Kh1 f5 14. Bg1 b5 15.
Nxd4 cxd4 16. Ne2 Qb6 17. b3 a5 18. Rb1 Rab8 19. Qe1 Qa6 20. a3 a4 21. cxb5
Qxb5 22. bxa4 Qxd3 23. Rd1 Qc4 24. exf5 gxf5 25. Qd2 e5 26. fxe5 dxe5 27. Rc1
Qxa4 28. Qa2+ Kh8 29. Qd5 Ne7 30. Qd6 Ng6 31. Rc7 Rbd8 32. Re1 Bb5 33. Qc5 Rd7
34. Rxd7 Bxd7 35. Rb1 Rc8 36. Qd6 Qc6 37. Qb4 Bf8 38. Nxd4 Qxg2+ 39. Kxg2 Bxb4
40. axb4 exd4 41. Bxd4+ Kg8 42. b5 Rc4 43. Be3 Rc2+ 44. Kg1 Ne5 0-1

[Event "Pro-Am 2010"]
[Site "Villa Martelli ARG"]
[Date "2010.10.13"]
[Round "2.13"]
[White "Saldano Dayer, Horacio"]
[Black "Pineiro, Dario"]
[Result "1/2-1/2"]
[WhiteElo "2406"]
[BlackElo "2162"]
[PlyCount "108"]
[EventDate "2010.10.10"]
[EventType "swiss"]
[EventRounds "9"]
[EventCountry "ARG"]
[Source "lmi"]
[SourceDate "2010.10.10"]

1. e4 c5 2. Nf3 e6 3. Nc3 a6 4. d4 cxd4 5. Nxd4 b5 6. Bd3 Qb6 7. Nf3 Qc7 8. O-O
d6 9. a4 b4 10. Na2 Nc6 11. Bd2 Rb8 12. Rc1 Nf6 13. c3 bxc3 14. Nxc3 Be7 15. b4
O-O 16. b5 axb5 17. axb5 Ne5 18. Nxe5 dxe5 19. Nd5 Qd8 20. Ba5 Qe8 21. Nxe7+
Qxe7 22. Bc7 Ra8 23. Bxe5 Rd8 24. Qc2 Bb7 25. Qe2 Nd7 26. Bc7 Rdc8 27. b6 Ra4
28. f3 Rca8 29. Bb5 Ra2 30. Rc2 Rxc2 31. Qxc2 Ra5 32. Bxd7 Qxd7 33. Rd1 Ra1 34.
Rxa1 Qd4+ 35. Kf1 Qxa1+ 36. Kf2 Qd4+ 37. Kg3 e5 38. Qc1 f6 39. h3 h5 40. Kh2
Kh7 41. Qg1 Qd2 42. Qc5 Qf4+ 43. Kg1 h4 44. Bd6 Qg3 45. Qf2 Qxf2+ 46. Kxf2 Kg6
47. Ke3 Kf7 48. Bb4 Ke6 49. Be1 g5 50. Bb4 f5 51. exf5+ Kxf5 52. Be7 Bc6 53.
Bd8 Bb7 54. Be7 Bc6 1/2-1/2

[Event "Pro-Am 2010"]
[Site "Villa Martelli ARG"]
[Date "2010.10.13"]
[Round "2.14"]
[White "Malbran, Guillermo"]
[Black "Tristan, Leonardo"]
[Result "0-1"]
[WhiteElo "2162"]
[BlackElo "2401"]
[PlyCount "108"]
[EventDate "2010.10.10"]
[EventType "swiss"]
[EventRounds "9"]
[EventCountry "ARG"]
[Source "lmi"]
[SourceDate "2010.10.10"]

1. e4 e5 2. Nf3 d6 3. d4 Bg4 4. dxe5 Nd7 5. h3 Bh5 6. Be2 Bxf3 7. Bxf3 dxe5 8.
Bg4 Ngf6 9. Bg5 Be7 10. Bxd7+ Nxd7 11. Be3 c6 12. O-O Qc7 13. Qf3 Nc5 14. Nc3
Ne6 15. Rfd1 O-O 16. a4 Rfd8 17. Rxd8+ Rxd8 18. Rd1 Bb4 19. Nb1 Nd4 20. Bxd4
exd4 21. Qb3 Qe7 22. Qd3 Ba5 23. Nd2 Bc7 24. Nf3 c5 25. b3 Qe6 26. Re1 a6 27.
e5 h6 28. Qe4 Qd5 29. Qxd5 Rxd5 30. e6 fxe6 31. Rxe6 d3 32. cxd3 Rxd3 33. Re3
Rd1+ 34. Re1 Rxe1+ 35. Nxe1 Kf7 36. Kf1 Ke6 37. Ke2 Kd5 38. Nc2 Be5 39. Kd3 Bf4
40. g3 Bc1 41. a5 Kc6 42. Kc4 Bd2 43. b4 Bxb4 44. Nxb4+ cxb4 45. Kxb4 b6 46.
axb6 Kxb6 47. f4 Kc6 48. Kc4 Kd6 49. g4 Ke6 50. Kc5 a5 51. Kb5 Kd5 52. Kxa5 Ke4
53. f5 Kf4 54. Kb4 Kg3 0-1

[Event "Pro-Am 2010"]
[Site "Villa Martelli ARG"]
[Date "2010.10.13"]
[Round "2.15"]
[White "Pichot, Alan"]
[Black "Orsini, Antonio"]
[Result "0-1"]
[WhiteElo "2160"]
[BlackElo "2390"]
[PlyCount "68"]
[EventDate "2010.10.10"]
[EventType "swiss"]
[EventRounds "9"]
[EventCountry "ARG"]
[Source "lmi"]
[SourceDate "2010.10.10"]

1. e4 e6 2. d3 d5 3. Nd2 Nf6 4. g3 b6 5. Bg2 Bb7 6. e5 Nfd7 7. Ngf3 c5 8. O-O
Nc6 9. Re1 Qc7 10. Qe2 Be7 11. Nf1 h6 12. h4 g5 13. hxg5 hxg5 14. N1h2 O-O-O
15. Ng4 Rh5 16. c3 Rdh8 17. d4 Qd8 18. a3 Qg8 19. Qc2 R8h7 20. Re3 Ba6 21. Ne1
Qh8 22. f3 cxd4 23. cxd4 Kb7 24. Qa4 Bc4 25. Rc3 b5 26. Qd1 Nxd4 27. Kf2 Nf5
28. Nd3 Rh1 29. Bxh1 Rxh1 30. Qe2 Qh3 31. Bf4 Rxa1 32. Bc1 Nc5 33. b4 Nxd3+ 34.
Rxd3 Qxg3+ 0-1

[Event "Pro-Am 2010"]
[Site "Villa Martelli ARG"]
[Date "2010.10.13"]
[Round "2.16"]
[White "Molina, Roberto Junio Brito"]
[Black "Fiori, Alberto Nicolas"]
[Result "1-0"]
[WhiteElo "2384"]
[BlackElo "2158"]
[PlyCount "57"]
[EventDate "2010.10.10"]
[EventType "swiss"]
[EventRounds "9"]
[EventCountry "ARG"]
[Source "lmi"]
[SourceDate "2010.10.10"]

1. d4 Nf6 2. c4 e6 3. Nf3 d5 4. g3 c6 5. Bg2 Nbd7 6. Qc2 Bd6 7. O-O O-O 8. Nbd2
Re8 9. Rd1 Qe7 10. e4 dxe4 11. Nxe4 Nxe4 12. Qxe4 e5 13. d5 Nc5 14. Qe2 cxd5
15. cxd5 Bg4 16. h3 Bh5 17. g4 Bg6 18. Bg5 f6 19. Be3 Bf7 20. Nd2 Rec8 21. Nc4
Rc7 22. Rac1 Rac8 23. Nxd6 Qxd6 24. Qb5 b6 25. b4 Nb7 26. Rxc7 Rxc7 27. a4 Qd7
28. d6 a6 29. Qxd7 1-0

[Event "Pro-Am 2010"]
[Site "Villa Martelli ARG"]
[Date "2010.10.13"]
[Round "2.17"]
[White "Garcia Campitelli, Gonzalo"]
[Black "Scarella, Enrique Alejandro"]
[Result "0-1"]
[WhiteElo "2125"]
[BlackElo "2380"]
[PlyCount "102"]
[EventDate "2010.10.10"]
[EventType "swiss"]
[EventRounds "9"]
[EventCountry "ARG"]
[Source "lmi"]
[SourceDate "2010.10.10"]

1. d4 c5 2. d5 Nf6 3. c4 b5 4. Nf3 g6 5. cxb5 a6 6. bxa6 Bxa6 7. Nc3 d6 8. e4
Bxf1 9. Kxf1 Bg7 10. g3 O-O 11. Kg2 Nbd7 12. Re1 Qc7 13. Re2 Rfb8 14. Rc2 Ng4
15. Qe2 Qc8 16. Nd2 h5 17. h3 Ngf6 18. Nc4 Qa6 19. Bf4 Rb4 20. b3 Rxb3 21. Rb1
Rxb1 22. Nxb1 Rb8 23. Nbd2 Qa4 24. Qd3 Ne8 25. Nf3 Rb4 26. e5 dxe5 27. Nfxe5
Nxe5 28. Bxe5 Bxe5 29. Nxe5 Rd4 30. Qb3 Qxb3 31. axb3 Rxd5 32. Nc4 Nd6 33. Ne3
Rd3 34. Rxc5 Rxb3 35. Nd5 e6 36. Nc3 Rb2 37. Re5 Rc2 38. Nb5 f6 39. Na3 Rxf2+
40. Kxf2 fxe5 41. g4 hxg4 42. hxg4 Kg7 43. Nc2 Kf6 44. Ne3 e4 45. Kg3 Ke5 46.
Ng2 g5 47. Kf2 Nc4 48. Ke2 Nb6 49. Kf2 Nd5 50. Kg3 Kd4 51. Ne1 Kc3 0-1

[Event "Pro-Am 2010"]
[Site "Villa Martelli ARG"]
[Date "2010.10.13"]
[Round "2.18"]
[White "De Dovitiis, Alejo"]
[Black "Bibiloni, Jorge Jaime"]
[Result "1-0"]
[WhiteElo "2366"]
[BlackElo "2152"]
[PlyCount "57"]
[EventDate "2010.10.10"]
[EventType "swiss"]
[EventRounds "9"]
[EventCountry "ARG"]
[Source "lmi"]
[SourceDate "2010.10.10"]

1. e4 c5 2. Nf3 d6 3. d4 cxd4 4. Nxd4 Nf6 5. Nc3 e6 6. g4 a6 7. Bg2 e5 8. Nf5
g6 9. Ne3 h5 10. g5 Nh7 11. Ned5 Nc6 12. Be3 Be6 13. Qd2 Rc8 14. O-O-O b5 15.
Kb1 b4 16. Na4 Qa5 17. Nab6 Rd8 18. Nc4 Qa4 19. b3 Bxd5 20. exd5 Qb5 21. dxc6
Qb8 22. Bb6 Rc8 23. Qxb4 Nxg5 24. Qa4 Rc7 25. Qa5 Ne6 26. Bd5 Rc8 27. c7 Nxc7
28. Bc6+ Ke7 29. Nxd6 1-0

[Event "Pro-Am 2010"]
[Site "Villa Martelli ARG"]
[Date "2010.10.13"]
[Round "2.19"]
[White "Cervetto, Esteban"]
[Black "Barrionuevo, Pablo"]
[Result "0-1"]
[WhiteElo "2105"]
[BlackElo "2365"]
[PlyCount "76"]
[EventDate "2010.10.10"]
[EventType "swiss"]
[EventRounds "9"]
[EventCountry "ARG"]
[Source "lmi"]
[SourceDate "2010.10.10"]

1. e4 d6 2. d4 Nf6 3. Nc3 g6 4. Nf3 Bg7 5. Be2 O-O 6. O-O a6 7. a4 e6 8. Be3
Nc6 9. Ne1 b6 10. f3 Bb7 11. Qd2 e5 12. d5 Nd4 13. Bc4 Nh5 14. Nb1 b5 15. axb5
axb5 16. Rxa8 Qxa8 17. Bd3 c6 18. Bxd4 exd4 19. dxc6 Bxc6 20. g4 Nf6 21. Na3
Qa4 22. g5 Nd7 23. h4 Rb8 24. Ng2 Ne5 25. Qe2 Qb4 26. Rb1 d5 27. Nf4 Nxd3 28.
cxd3 dxe4 29. fxe4 Be5 30. Qf2 Rf8 31. Rf1 Qd6 32. Nc2 f5 33. Ne2 Bg7 34. e5
Qd5 35. Kh2 Bxe5+ 36. Kh3 f4 37. Nexd4 f3 38. Nxf3 Qe6+ 0-1

[Event "Pro-Am 2010"]
[Site "Villa Martelli ARG"]
[Date "2010.10.13"]
[Round "2.20"]
[White "Della Morte, German"]
[Black "Lopez Azambuja, Nicolas"]
[Result "1-0"]
[WhiteElo "2361"]
[BlackElo "2142"]
[PlyCount "81"]
[EventDate "2010.10.10"]
[EventType "swiss"]
[EventRounds "9"]
[EventCountry "ARG"]
[Source "lmi"]
[SourceDate "2010.10.10"]

1. e4 e6 2. d4 d5 3. Nc3 Bb4 4. e5 b6 5. Qg4 Bf8 6. Bg5 Qd7 7. Nf3 Nc6 8. Bb5
Bb7 9. Ne2 h6 10. Bd2 Nge7 11. h4 O-O-O 12. Qf4 Ng8 13. a3 f6 14. h5 a6 15. Ba4
Qf7 16. b4 Be7 17. Nc1 f5 18. Nd3 g5 19. hxg6 Qxg6 20. O-O-O Rh7 21. Rh3 Bf8
22. Qh2 Qf7 23. Ng5 hxg5 24. Rxh7 Qg6 25. Bxc6 Bxc6 26. Qh5 Be8 27. Qxg6 Bxg6
28. Rh2 Be7 29. Rh8 Rf8 30. g3 Kd7 31. Ne1 Rc8 32. Nf3 g4 33. Nh4 Bf7 34. Rh7
Ke8 35. Kb2 c5 36. dxc5 bxc5 37. bxc5 Bxc5 38. Be3 Bf8 39. Rd3 Ne7 40. Rc3 Nc6
41. Ka1 1-0

[Event "Pro-Am 2010"]
[Site "Villa Martelli ARG"]
[Date "2010.10.13"]
[Round "2.21"]
[White "Fusco, Leonardo"]
[Black "Castillo, Santiago"]
[Result "1-0"]
[WhiteElo "2359"]
[BlackElo "2120"]
[PlyCount "46"]
[EventDate "2010.10.10"]
[EventType "swiss"]
[EventRounds "9"]
[EventCountry "ARG"]
[Source "lmi"]
[SourceDate "2010.10.10"]

1. e4 c5 2. Nf3 d6 3. d4 cxd4 4. Nxd4 Nf6 5. Nc3 a6 6. Bg5 Nbd7 7. f4 Qb6 8.
Qd2 e6 9. O-O-O Be7 10. g3 O-O 11. Bg2 Re8 12. Rhe1 Qc7 13. e5 dxe5 14. fxe5
Nxe5 15. Bf4 Nfd7 16. Qe3 Bf6 17. Nf3 Qc6 18. Nxe5 Qxg2 19. Nxd7 Bxd7 20. Rxd7
Rac8 21. Be5 Be7 22. Qe4 Qxh2 23. Rh1 Rc4 1-0

[Event "Pro-Am 2010"]
[Site "Villa Martelli ARG"]
[Date "2010.10.13"]
[Round "2.22"]
[White "Quiroga, Facundo"]
[Black "Cavadini, Ignacio"]
[Result "1/2-1/2"]
[WhiteElo "2357"]
[BlackElo "2111"]
[PlyCount "108"]
[EventDate "2010.10.10"]
[EventType "swiss"]
[EventRounds "9"]
[EventCountry "ARG"]
[Source "lmi"]
[SourceDate "2010.10.10"]

1. Nf3 Nf6 2. d4 g6 3. c4 d6 4. Nc3 Bg7 5. e4 c6 6. Be2 O-O 7. O-O Nbd7 8. Re1
Qc7 9. Bf1 Ne8 10. Bg5 f6 11. Be3 e5 12. c5 exd4 13. cxd6 Nxd6 14. Bxd4 Ne5 15.
Nxe5 fxe5 16. Be3 Be6 17. b3 Rad8 18. Qc2 b6 19. Rac1 Qb7 20. Red1 Nf7 21. f3
Rxd1 22. Nxd1 Bd7 23. Nb2 Bf6 24. Nd3 Kg7 25. Rd1 Rd8 26. Bc1 Be8 27. Bb2 Qe7
28. g3 g5 29. Bh3 Nd6 30. a4 h5 31. Nb4 Nf7 32. Rxd8 Qxd8 33. Be6 Qd6 34. Bxf7
Kxf7 35. Nd3 Qe6 36. Bc3 h4 37. Qb2 hxg3 38. hxg3 Qh3 39. Bxe5 Bxe5 40. Qxe5
Qe6 41. Qxe6+ Kxe6 42. Kf2 c5 43. Ke3 Bh5 44. Nb2 a6 45. f4 gxf4+ 46. gxf4 b5
47. axb5 axb5 48. f5+ Kd6 49. Nd3 c4 50. bxc4 bxc4 51. Nf4 Bf7 52. Kd4 Kc6 53.
e5 Bg8 54. e6 Kd6 1/2-1/2

[Event "Pro-Am 2010"]
[Site "Villa Martelli ARG"]
[Date "2010.10.13"]
[Round "2.23"]
[White "Koch, Juan Enrique"]
[Black "Bronstein, Luis Marcos"]
[Result "1/2-1/2"]
[WhiteElo "2095"]
[BlackElo "2347"]
[PlyCount "70"]
[EventDate "2010.10.10"]
[EventType "swiss"]
[EventRounds "9"]
[EventCountry "ARG"]
[Source "lmi"]
[SourceDate "2010.10.10"]

1. c4 Nf6 2. g3 e5 3. Bg2 c6 4. d4 Bb4+ 5. Bd2 Bxd2+ 6. Qxd2 d6 7. e3 Be6 8. b3
exd4 9. Qxd4 d5 10. Nd2 dxc4 11. bxc4 Qxd4 12. exd4 Nbd7 13. Ngf3 Nb6 14. Rc1
Rd8 15. O-O O-O 16. Rfe1 Rfe8 17. h3 h6 18. Re3 Nc8 19. Ra3 a6 20. Rb1 Re7 21.
Re3 Nd6 22. g4 Kf8 23. Rbe1 Nc8 24. Bf1 b5 25. d5 cxd5 26. cxb5 d4 27. Ra3 axb5
28. Bxb5 Nd6 29. Bf1 Nb7 30. Rd3 Red7 31. Ne5 Rd6 32. a4 Nc5 33. Ra3 d3 34. a5
Nfd7 35. f4 Nxe5 1/2-1/2

[Event "Pro-Am 2010"]
[Site "Villa Martelli ARG"]
[Date "2010.10.13"]
[Round "2.24"]
[White "Juarez, Carlos Eleodoro"]
[Black "Mela, Benjamin"]
[Result "0-1"]
[WhiteElo "2087"]
[BlackElo "2335"]
[PlyCount "38"]
[EventDate "2010.10.10"]
[EventType "swiss"]
[EventRounds "9"]
[EventCountry "ARG"]
[Source "lmi"]
[SourceDate "2010.10.10"]

1. e4 e6 2. d4 d5 3. Nc3 Bb4 4. e5 c5 5. a3 Bxc3+ 6. bxc3 Ne7 7. Qg4 O-O 8. Nf3
Nbc6 9. Bd3 f5 10. exf6 Rxf6 11. Bg5 Rf7 12. h4 e5 13. Bxe7 Qxe7 14. Bxh7+ Kxh7
15. Ng5+ Kg8 16. Qh5 exd4+ 17. Kf1 Bf5 18. Re1 Qf6 19. Nxf7 Qxf7 0-1

[Event "Pro-Am 2010"]
[Site "Villa Martelli ARG"]
[Date "2010.10.13"]
[Round "2.25"]
[White "Bitelmajer, Martin"]
[Black "Cabrera Pando, Ramiro"]
[Result "1-0"]
[WhiteElo "2312"]
[BlackElo "2092"]
[PlyCount "81"]
[EventDate "2010.10.10"]
[EventType "swiss"]
[EventRounds "9"]
[EventCountry "ARG"]
[Source "lmi"]
[SourceDate "2010.10.10"]

1. d4 d5 2. c4 c6 3. Nc3 Nf6 4. e3 e6 5. Nf3 Nbd7 6. Qc2 Bd6 7. g4 h6 8. Rg1
dxc4 9. Bxc4 b5 10. Bd3 Bb7 11. h4 b4 12. Ne4 Nxe4 13. Bxe4 Qb6 14. Nd2 Be7 15.
g5 hxg5 16. hxg5 Rh5 17. g6 f5 18. Bf3 Rh3 19. Bg2 Rh2 20. Qb3 Rxg2 21. Rxg2 c5
22. Rh2 Bd5 23. Rh8+ Bf8 24. Qd3 O-O-O 25. b3 cxd4 26. exd4 e5 27. Bb2 e4 28.
Qh3 Be6 29. Nc4 Bxc4 30. bxc4 Qf6 31. O-O-O Nb6 32. Rh5 Qxg6 33. Qxf5+ Qxf5 34.
Rxf5 Nxc4 35. d5 g6 36. Rf6 Bh6+ 37. Kc2 Rd6 38. Rxd6 Nxd6 39. Rg1 g5 40. Kb3
a5 41. Rh1 1-0

[Event "Pro-Am 2010"]
[Site "Villa Martelli ARG"]
[Date "2010.10.13"]
[Round "2.26"]
[White "Leeuw, Pablo Gabriel"]
[Black "Pina Gomez, Ulises"]
[Result "0-1"]
[WhiteElo "2074"]
[BlackElo "2302"]
[PlyCount "36"]
[EventDate "2010.10.10"]
[EventType "swiss"]
[EventRounds "9"]
[EventCountry "ARG"]
[Source "lmi"]
[SourceDate "2010.10.10"]

1. e4 e5 2. Nf3 Nc6 3. Nc3 g6 4. g3 Bg7 5. Bg2 Nge7 6. O-O O-O 7. d3 d6 8. Be3
f5 9. Qd2 Nd4 10. Nd5 Nxf3+ 11. Bxf3 Nxd5 12. exd5 f4 13. gxf4 exf4 14. Bxf4
Qf6 15. Rae1 Qxf4 16. Qxf4 Rxf4 17. Re8+ Rf8 18. Rfe1 Bd7 0-1

[Event "Pro-Am 2010"]
[Site "Villa Martelli ARG"]
[Date "2010.10.13"]
[Round "2.27"]
[White "Krysa, Leandro Sergio"]
[Black "Radoszta, Armando E"]
[Result "1-0"]
[WhiteElo "2271"]
[BlackElo "2076"]
[PlyCount "115"]
[EventDate "2010.10.10"]
[EventType "swiss"]
[EventRounds "9"]
[EventCountry "ARG"]
[Source "lmi"]
[SourceDate "2010.10.10"]

1. d4 d5 2. c4 c6 3. Nc3 Nf6 4. Nf3 e6 5. Bg5 Be7 6. e3 O-O 7. Qc2 Nbd7 8. cxd5
exd5 9. Bd3 Re8 10. O-O Nf8 11. h3 Ne4 12. Bf4 Ng5 13. Nxg5 Bxg5 14. Bh2 Be7
15. Rab1 Bd6 16. Bxd6 Qxd6 17. b4 a6 18. Na4 Rb8 19. Nc5 Qh6 20. Bf5 Ne6 21. a4
g6 22. Bxe6 Bxe6 23. Qe2 Bf5 24. Rb3 Re7 25. b5 axb5 26. axb5 Rc8 27. bxc6 bxc6
28. Qf3 Qg5 29. Kh2 h5 30. Qg3 Qxg3+ 31. Kxg3 Ra7 32. f3 Re8 33. h4 Ra2 34. Rf2
Ra7 35. Kf4 Kg7 36. Rb6 Rc7 37. Rfb2 Bc8 38. Ra2 Kf6 39. Ra8 Ree7 40. e4 dxe4
41. fxe4 Bd7 42. Rg8 Re6 43. Nxe6 Kxe6 44. Ra8 Ke7 45. Ke5 f6+ 46. Kf4 Be6 47.
Rba6 Bd7 48. R6a7 Rxa7 49. Rxa7 Ke6 50. Ra5 Ke7 51. Rc5 Ke6 52. Ra5 Ke7 53. Ra8
Be6 54. Ra7+ Bd7 55. e5 fxe5+ 56. Kxe5 Ke8 57. Kd6 Bf5 58. g3 1-0

[Event "Pro-Am 2010"]
[Site "Villa Martelli ARG"]
[Date "2010.10.13"]
[Round "2.28"]
[White "Zamorano, Jorge Adrian"]
[Black "Pradines, Emmanuel"]
[Result "1-0"]
[WhiteElo "2271"]
[BlackElo "1990"]
[PlyCount "75"]
[EventDate "2010.10.10"]
[EventType "swiss"]
[EventRounds "9"]
[EventCountry "ARG"]
[Source "lmi"]
[SourceDate "2010.10.10"]

1. g3 d5 2. Bg2 Nf6 3. c4 e6 4. Nf3 Be7 5. O-O O-O 6. d4 Nbd7 7. Nc3 c6 8. Nd2
b6 9. e4 dxe4 10. Ndxe4 Bb7 11. Be3 Nxe4 12. Nxe4 Nf6 13. Nc3 Qc7 14. Re1 Rfd8
15. Qb3 Ng4 16. Bf4 Bd6 17. Bg5 Be7 18. Bxe7 Qxe7 19. Rad1 Qf6 20. Ne4 Qh6 21.
h4 Nf6 22. Ng5 Qg6 23. c5 b5 24. Be4 Nxe4 25. Nxe4 Rd5 26. Nd6 Bc8 27. a4 Bd7
28. Re5 a6 29. Qf3 Rf8 30. h5 Qc2 31. h6 gxh6 32. axb5 axb5 33. b4 f5 34. Rxd5
cxd5 35. Ra1 Qb2 36. Ra7 Bc6 37. Qe3 Rf6 38. Rc7 1-0

[Event "Pro-Am 2010"]
[Site "Villa Martelli ARG"]
[Date "2010.10.13"]
[Round "2.30"]
[White "Carcamo, Matias"]
[Black "Fabian, Gaston"]
[Result "0-1"]
[WhiteElo "1838"]
[BlackElo "2266"]
[PlyCount "102"]
[EventDate "2010.10.10"]
[EventType "swiss"]
[EventRounds "9"]
[EventCountry "ARG"]
[Source "lmi"]
[SourceDate "2010.10.10"]

1. e4 e5 2. Nf3 Nc6 3. Nc3 Nf6 4. Bb5 Bb4 5. d3 d6 6. h3 O-O 7. Bg5 Ne7 8. O-O
c6 9. Ba4 Ng6 10. Ne2 h6 11. Be3 d5 12. c3 Bd6 13. Bc2 Be6 14. Ng3 Qd7 15. Ne2
Nh5 16. Ng3 Nhf4 17. Bxf4 Nxf4 18. Ne1 Bc7 19. Ne2 Nxe2+ 20. Qxe2 f5 21. f3 Rf6
22. Kh1 Raf8 23. Rd1 Qf7 24. b3 Qh5 25. Kh2 Rg6 26. Qd2 Qh4 27. Qf2 Qg5 28. c4
Bb6 29. c5 Bc7 30. a3 a5 31. Rd2 Qe7 32. Qe3 Rd8 33. Kh1 d4 34. Qe2 Qxc5 35. f4
Rf8 36. fxe5 Qxe5 37. Nf3 Qg3 38. e5 Bd5 39. Qf2 Bxf3 40. Qxg3 Rxg3 41. Rxf3
Rxf3 42. gxf3 Bxe5 43. Re2 Bd6 44. a4 Kf7 45. Kg2 Re8 46. Rxe8 Kxe8 47. h4 Kd8
48. Bd1 Kc7 49. h5 Kb6 50. Kf2 Kc5 51. Ke2 Bf4 0-1